India South Africa Relations Charting A Future in Changing World Order/ (Record no. 214314)

MARC details
000 -LEADER
fixed length control field 00654nam a22001937a 4500
005 - DATE AND TIME OF LATEST TRANSACTION
control field 20260120144609.0
010 ## - LCCN (DPL NO)
LC control number ENG-147562
020 ## - INTERNATIONAL STANDARD BOOK NUMBER
International Standard Book Number 9788199367579
Terms of availability 599.00
035 ## - SYSTEM CONTROL NUMBER
System control number EN-131094
037 ## - SOURCE OF ACQUISITION
Source of stock number/acquisition DBAD
082 ## - DEWEY DECIMAL CLASSIFICATION NUMBER
Classification number 327.5408
Edition number 1
245 ## - TITLE STATEMENT
Title India South Africa Relations Charting A Future in Changing World Order/
Statement of responsibility, etc Edited By Samir Bhattacharya [and] Vishal Nirghen
250 ## - EDITION STATEMENT
Edition statement 1
260 ## - PUBLICATION, DISTRIBUTION, ETC. (IMPRINT)
Place of publication, distribution, etc New Delhi
Name of publisher, distributor, etc Har Anand Publication
Date of publication, distribution, etc 2025
270 ## - ADDRESS
Address E-49/3, Okhla Industrial Area, Phase-II,
City New Delhi
Postal code 110020
300 ## - PHYSICAL DESCRIPTION
Extent 172p.
Dimensions 22cm(Hb)
700 ## - ADDED ENTRY--PERSONAL NAME
Personal name Nirghen, Vishal
Relator term Editor
9 (RLIN) 86643
942 ## - ADDED ENTRY ELEMENTS (KOHA)
Source of classification or shelving scheme Dewey Decimal Classification
Item type English Books
Classification part 327.5408
Call number suffix IND
Holdings
Withdrawn status Lost status Not for loan Collection code Home library Current library Date acquired Source of acquisition Cost, normal purchase price Full call number Barcode Copy number Cost, replacement price Koha item type
      Non-fiction Janak Puri Janak Puri 20/01/2026 Delivery of Books Act Division 599.00 327.5408 IND EN-131094 1 599.00 English Books

© Delhi Public Library
Hit Counter
free hit counter